000 01283nam a2200253Ia 4500
999 _c46174
_d46174
001 13006
003 GE_BSU
005 20230213123115.0
008 181216s2012||||ge |||||||||||||| ||geo||
020 _a978-9941-13-244-5
040 _cGE_BSU
041 _ageo
080 _a811.353.1'01.367.625 ბ-25
100 _aბარამიძე, ლელი
_915184
245 _aხმოვანმონაცვლე ზმნები ძველ ქართულში /
_cლელი ბარამიძე ; რედ. დარეჯან თვალთვაძე.
264 _aთბილისი :
_bთბილისის უნ-ტის გამ-ბა,
_c2012.
300 _a220 გვ. ;
_c26 სმ.
504 _aბიბლიოგრაფია გვ. : 213-220
653 _aზმნა ძველ ქართულ ენაში
653 _aხმოვანმონაცვლე ზმნები ძველ ქართულში
700 _aთვალთვაძე, დარეჯან
_eრედაქტორი
_912967
710 _aივ. ჯავახიშვილის სახელობის სახელმწიფო უნივერსიტეტი
_916891
942 _cBK
_2udc